Detalles MARC
| 000 -LIDER |
| fixed length control field |
01824nam a2200313Ia 4500 |
| 001 - NÚMERO DE CONTROL |
| Identificador de número de control |
|
| 003 - IDENTIFICACDOR DE NÚMERO DE CONTROL |
| control field |
DO-SdBNP |
| 005 - DATE AND TIME OF LATEST TRANSACTION |
| control field |
20220425102208.0 |
| 008 - ELEMENTOS DE LONGITUD FIJA |
| fixed length control field |
140604s2007 dr 000 spa d |
| 020 ## - ISBN |
| International Standard Book Number |
9789945427202 |
| 040 ## - FUENTE DE CATALOGACIÓN |
| Agencia que crea de manera original el registro |
BPMSU |
| Idioma de catalogación |
spa |
| Agencia que realiza la transcripción |
BPMSU |
| 082 ## - NÚMERO DE CLASIFICACIÓN DECIMAL DE DEWEY |
| Classification number |
RD864.44 |
| Item number |
H519h 2007 |
| Edition number |
22 |
| 100 1# - ASIENTO PRINCIPAL -- NOMBRE PERSONAL |
| Nombre personal |
Henríquez Ureña, Camila, |
| Fechas asociadas con el nombre |
1894-1973. |
| 245 10 - MENCIÓN DE TITULO |
| Título |
Hija de Camila = |
| Subtítulo |
Camila 's Line / |
| Mención de responsabilidad |
Camila Henríquez Ureña ;compiladora Daisy Cocco de Filippis ; |
| 260 ## - PUBLICACIÓN, DISTRIBUCIÓN, ETC. (PIE DE IMPRENTA) |
| Lugar de publicación, distribución, etc |
Santo Domingo : |
| Nombre del editor, distribuidor, etc. |
Editora Nacional : |
| -- |
Secretaría de Estado de Cultura |
| 300 ## - DESCRIPCIÓN FÍSICA |
| Extensión |
291 págs. |
| 500 ## - NOTA GENERAL |
| Materiales especificados |
incluye datos biográficos del autora en la solapa de la cubierta |
| 505 0# - NOTA DE CONTENIDO |
| Texto normalizado de contenido |
Agradecimiento -- Acknowledgements -- Prólogo. Salomé Camila Henríquez Ureña 1984-1973: vida y obra -- Prologue. Camila Henríquez Ureña 1894-1973: Her life and work -- Feminismo -- La mujer y la cultura -- Woman and culture -- La carta como forma de expresión literaria femenina -- Cartas de amor divino: Santa Teresa de Jesús -- Cartas de amor mundano: Mariana Alcoforado -- La carta de polémica: Sor Juana Inés de la Cruz -- La carta como crónica: Madame de Sevigné -- The letter as an expression of feminine literary form -- Letters of divine love: Santa Teresa de Jesús -- Letter of Worldly love: Mariana Alcoforado -- The letter as the art of disputation: Sor Juana Inés de la Cruz -- The letter as Chronicle: Madame de Sevigné. |
| 534 ## - NOTA SOBRE LA VERSIÓN ORIGINAL |
| Asiento principal del original |
Texto en español e inglés |
| 590 ## - NOTA LOCAL |
| Field link and sequence number (RLIN) |
Inventariado, 2020/VM |
| 600 14 - ENCABEZAMIENTO DE MATERIA--NOMBRE PERSONAL |
| Nombre personal |
Henríquez Ureña, Camila, |
| Fechas asociadas con el nombre |
1894-1973 |
| Subdivisión de forma |
Ensayos, conferencias, etc |
| 650 #4 - ENCABEZAMIENTO DE MATERIA--TEMÁTICO |
| Término temático o nombre geográfico como elemento de entrada |
Ensayos dominicanos |
| 650 #4 - ENCABEZAMIENTO DE MATERIA--TEMÁTICO |
| Término temático o nombre geográfico como elemento de entrada |
Literatura dominicana |
| 700 1# - ASIENTO SECUNDARIO -- NOMBRE PERSONAL |
| Nombre personal |
Cocco De Filippis, Daisy, |
| Mención de responsabilidad |
compiladora. |
| 852 ## - LOCALIZACIÓN |
| Número de copia |
1 |
| 856 ## - UBICACIÓN ELECTRÓNICA Y ACCESO |
| Materiales especificados |
Archivo Digital Biblioteca Nacional |
| 910 ## - VALIDACIÓN |
| Validación |
VMateo V. |
| 942 ## - ADDED ENTRY ELEMENTS (KOHA) |
| Source of classification or shelving scheme |
Dewey Decimal Classification |
| Koha item type |
Libros |